Top Rated Video Games - Statistics

General Stats
  • This quiz has been taken 9 times
  • The average score is 5 of 32
Answer Stats
Rating Answer % Correct
97.02% Portal
83%
97.70% Portal 2
83%
96.20% Half-Life 2
50%
97.28% Stardew Valley
50%
96.08% Hollow Knight
33%
97.10% Terraria
33%
96.13% A Hat In Time
17%
96.07% Celeste
17%
97.38% Hades
17%
96.81% Half-Life: Alyx
17%
96.08% OneShot
17%
96.13% Stray
17%
96.53% The Binding Of Isaac: Rebirth
17%
96.67% ULTRAKILL
17%
97.60% Vampire Survivors
17%
96.33% A Short Hike
0%
96.30% Bloons TD 6
0%
96.33% Counter-Strike
0%
96.09% Dyson Sphere Program
0%
96.51% Euro Truck Simulator 2
0%
96.49% Helltaker
0%
96.41% Katana ZERO
0%
96.64% Left 4 Dead 2
0%
96.43% Mount & Blade: Warband
0%
96.25% OMORI
0%
97.51% People Playground
0%
96.84% Rimworld
0%
96.26% Senren * Banka
0%
96.49% Slay The Spire
0%
96.40% Slime Rancher
0%
96.60% The Henry Stickmin Collection
0%
96.39% Totally Accurate Battle Simulator
0%
No matching quizzes found
Score Distribution
Percent of People with Each Score
Percentile by Number Answered
Your Score History
You have not taken this quiz